|
|
|
|
| LEADER |
00954cam a2200277 a 4500 |
| 001 |
c000218092 |
| 003 |
CARM |
| 005 |
20050331200559.0 |
| 008 |
800719s1981 nyua b 001 0 eng |
| 019 |
1 |
|
|a 1756926
|5 LACONCORD2021
|
| 020 |
|
|
|a 0394324277 :
|c $14.95
|
| 035 |
|
|
|a (OCoLC)6532438
|5 LACONCORD2021
|
| 040 |
|
|
|a LC
|b eng
|c LC
|d VERC
|
| 050 |
0 |
0 |
|a HM251
|b .V293 1981
|
| 082 |
0 |
4 |
|a 302
|
| 100 |
1 |
|
|a Vander Zanden, James Wilfrid.
|
| 245 |
1 |
0 |
|a Social psychology /
|c James W. Vander Zanden.
|
| 250 |
|
|
|a 2d ed.
|
| 260 |
|
|
|a New York :
|b Random House,
|c c1981.
|
| 300 |
|
|
|a xii, 512 p. :
|b ill. ;
|c 24 cm.
|
| 500 |
|
|
|a Includes indexes.
|
| 504 |
|
|
|a Bibliography: p. [447]-479.
|
| 650 |
|
0 |
|a Social psychology.
|
| 852 |
8 |
|
|b CARM
|h A1:AR06F0
|i D09165
|p 0310099
|f BK
|
| 999 |
f |
f |
|i e75f5a79-93cf-5624-a031-cc931024cf3f
|s 4e75f24f-f568-559d-80fd-3188c91e8e5e
|
| 952 |
f |
f |
|p Can circulate
|a CAVAL
|b CAVAL
|c CAVAL
|d CARM 1 Store
|e D09165
|f A1:AR06F0
|h Other scheme
|i book
|m 0310099
|